LEADER 01032nam a2200265 u 4500 001 000000072883 003 CaOOAMICUS 005 20070226122305.0 008 020624s1973 it u000 u ita u 035 $a10934531 040 $aPUL(R)$bita 100 1 $aAguzzi, Luciano.$0(OLS)http://pul/name/48247 245 10$aEducazione e società a Cuba /$cLuciano Aguzzi. 260 $aMilano :$bMazzotta,$cc1973. 300 $a368 p. ;$c20 cm 490 1 $aCultura e classe ;$v5 500 $aContiene indici. 504 $aBibliografia in nota ed in appendice. 651 4$aCuba$xPolitica e governo.$0(OLS)http://pul/subject/17891 830 0$aCultura e classe ;$v5.$0(OLS)http://pul/title/95859 850 $aPUL 852 $aPUL$W1$xDP1 Cons. Gen., Altre Classi 1$y22$m842 D 24$j94256$nBK-PRI$b $qStampati$B94256$CPULBib$Z2$F94256 $H64604 $81 941 1 $a8 996 $6245$aEducazione e società a Cuba$9(OLS)http://pul/title/95858 996 $6260$aMilano :$bMazzotta$9(OLS)http://pul/publisher/70356 LEADER 01112nam a2200265 u 4500 001 000000077257 003 CaOOAMICUS 005 20070226123312.0 008 040123s1990 it a u000 u ita u 020 $a8834330072 035 $a10981953 040 $aPUL(R)$bita 245 03$aIl monastero di S. Ambrogio all'Università Cattolica /$ca cura di Maria Luisa Gatti Perer. 260 $aMilano :$bVita e pensiero,$c1990. 300 $a301 p. :$bill. ;$c28 cm +$epianta 500 $aContiene indici. 504 $aIndicazioni bibliografiche in nota. 610 24$aSant'Ambrogio (monastero : Milano).$0(OLS)http://pul/subject/35791 700 1 $aGatti, Maria Luisa.$0(OLS)http://pul/name/15967 850 $aPUL 852 $aPUL$W1$xSL Filosofia 1$y2$m138 A 161$j99281$nBK-PRI$b $qStampati$B99281$CPULBib$Z2$F99281 $HPUL65394 $81 941 1 $a8 996 $6020$a8834330072$9(OLS)http://pul/number/101268 996 $6245$aIl monastero di S. Ambrogio all'Università Cattolica$9(OLS)http://pul/title/101305 996 $6260$aMilano :$bVita e pensiero$9(OLS)http://pul/publisher/48016